Creation centred in Christ / (Record no. 31670)
[ view plain ]
| 000 -LEADER | |
|---|---|
| fixed length control field | 01118cam a22002891 4500 |
| 001 - CONTROL NUMBER | |
| control field | 31670 |
| 003 - CONTROL NUMBER IDENTIFIER | |
| rucl marc code | BD-RjUL |
| 005 - DATE AND TIME OF LATEST TRANSACTION | |
| control field | 20211209051731.0 |
| 008 - FIXED-LENGTH DATA ELEMENTS--GENERAL INFORMATION | |
| fixed length control field | 140421s1896 enk 001 0 eng d |
| 035 ## - SYSTEM CONTROL NUMBER | |
| System control number | (BD-RjUL)31758 |
| 040 ## - CATALOGING SOURCE | |
| Original cataloging agency | DLC |
| Transcribing agency | MBU-T |
| Modifying agency | DLC |
| -- | BD-RjUL |
| Language of cataloging | eng |
| 041 ## - LANGUAGE CODE | |
| Language code of text/sound track or separate title | eng |
| 082 00 - DEWEY DECIMAL CLASSIFICATION NUMBER | |
| Classification number | RA 232 |
| Author mark and year | GUC 1896 |
| 100 1# - MAIN ENTRY--PERSONAL NAME | |
| Personal name | Guinness, Henry Grattan, |
| Dates associated with a name | 1835-1910. |
| 9 (RLIN) | 96367 |
| 245 10 - TITLE STATEMENT | |
| Title | Creation centred in Christ / |
| Statement of responsibility, etc. | by H. Grattan Guinness |
| 260 ## - PUBLICATION, DISTRIBUTION, ETC. (IMPRINT) | |
| Place of publication, distribution, etc. | London : |
| Name of publisher, distributor, etc. | Hodder & Stoughton, |
| Date of publication, distribution, etc. | 1896. |
| 300 ## - PHYSICAL DESCRIPTION | |
| Pagination | xxxix,536 p. ; |
| Size | 23 cm. |
| 500 ## - GENERAL NOTE | |
| General note | Vol. II has subtitle: Tables of vernal equinoxes and new moons for 3555 years. 1. In old style from B.C. 1622-A.D. 1934. 2. In new style from the English reformation of the calendar, A.D 1752 to A.D. 1934; computed from prophetic times in the book of Daniel regarded as astronomical cycles. |
| 504 ## - BIBLIOGRAPHY, ETC. NOTE | |
| Bibliography, etc | Includes Index |
| 600 00 - SUBJECT ADDED ENTRY--PERSONAL NAME | |
| Personal name | Jesus Christ |
| General subdivision | Significance. |
| 650 #0 - SUBJECT ADDED ENTRY--TOPICAL TERM | |
| Topical term or geographic name as entry element | Religion and science. |
| 9 (RLIN) | 96369 |
| Topical term or geographic name as entry element | Calendar. |
| 9 (RLIN) | 27096 |
| Topical term or geographic name as entry element | Astronomy |
| General subdivision | Tables. |
| 9 (RLIN) | 96370 |
| 942 ## - ADDED ENTRY ELEMENTS (KOHA) | |
| Source of classification or shelving scheme | Dewey Decimal Classification |
| Koha item type | Rare Books |
| Lost status | Source of classification or shelving scheme | Damaged status | Not for loan | Collection code | Permanent Location | Current Location | Shelving location | Date acquired | Source of acquisition | Total Checkouts | Full call number | Date last seen | Copy number | Koha item type |
|---|---|---|---|---|---|---|---|---|---|---|---|---|---|---|
| Dewey Decimal Classification | Not For Loan | Non-fiction | Central Library, University of Rajshahi | Central Library, University of Rajshahi | Rare Book Section | 16/01/1963 | Q.I . Qurashi Gift | RA 232 GUC 1896 | 21/04/2014 | C-1 | Rare Books |